Anuario de Estudios Centroamericanos / Universidad de Costa Rica
Збережено в:
| Співавтор: | |
|---|---|
| Формат: | Книга |
| Мова: | Spanish |
| Опубліковано: |
San José, Costa Rica:
Editorial Universidad de Costa Rica,
1974-
|
| Предмети: | |
| Теги: |
Додати тег
Немає тегів, Будьте першим, хто поставить тег для цього запису!
|
MARC
| LEADER | 00000nam a22000007a 4500 | ||
|---|---|---|---|
| 003 | cru CIDCACS/IIS | ||
| 005 | 20230904111410.0 | ||
| 007 | ta | ||
| 008 | 161123t1974 cr ||||| |||| 00| 0 spa d | ||
| 022 | |a 03777316 | ||
| 040 | |c CRAI/IIS |a CRAI/IIS | ||
| 090 | |a REV0040 | ||
| 110 | 1 | |9 3348 |a Universidad de Costa Rica. |b Facultad de Ciencias Sociales. |b Instituto de Investigaciones Sociales | |
| 245 | 1 | |a Anuario de Estudios Centroamericanos / |b Universidad de Costa Rica | |
| 260 | |a San José, Costa Rica: |b Editorial Universidad de Costa Rica, |c 1974- | ||
| 270 | |a Ciudad Universitaria, Rodrigo Facio. San Pedro de Montes de Oca |c San José |d Costa Rica |e Apto. 11501-2060 |k 25115310 |l 25115257 |m administracion.siedin@ucr.ac.cr | ||
| 310 | |a Anual | ||
| 500 | |a EXISTENCIAS : 1974-1984 1-10 (1-10) 1985-1993 11-19 (1-2) 1994 20 (1-2) 1995 21 (1-2) 1996 22 (1-2) 1997 23 (1-2) 1998 24 (1-2) 1999 25 (1-2) 2000 26 (1-2) 2001 27 (1-2) 2003 29(1-2) 2004 30(1-2) | ||
| 500 | |a Colección Centroamérica | ||
| 650 | 0 | |9 411 |a DESARROLLO POLITICO | |
| 650 | 0 | |9 136 |a HISTORIA | |
| 650 | 0 | |9 3 |a MOVIMIENTOS SOCIALES | |
| 650 | 0 | |9 193 |a COOPERATIVAS | |
| 650 | 0 | |9 2023 |a POLITICA AGRARIA | |
| 650 | 0 | |9 237 |a INVESTIGACION SOCIAL | |
| 650 | 0 | |9 1857 |a PUBLICACIONES INSTITUTO DE INVESTIGACIONES SOCIALES-UCR | |
| 651 | 0 | |9 32 |a COSTA RICA | |
| 651 | 0 | |9 308 |a CENTROAMERICA | |
| 942 | |2 ddc |c PP |s 1 | ||
| 999 | |c 18765 |d 18765 | ||
